00609nam a2200217Ia 4500008004100000020001800041050001400059100001900073245003000092245002200122260001500144260001600159260000900175300001600184300002000200300001000220300002700230500000800257999001900265952010700284170918s9999 xx 000 0 und d a9780545391436 bM554 2012 aMercer, Sienna aVampire school dropout? / cby Sienna Mercer. aNew York : bScholastic, c2012 a181 pages : billustrations ; c19cm. eMy sister the vampire. a750 c344245d344245 001040aSSISMbSSISMd2017-09-18l0oGS FIC M554 2012pSSISM3317r2017-09-18 00:00:00w2017-09-18yBK